| 000 | 01266pam a2200325 a 4500 | ||
|---|---|---|---|
| 001 | 1054632 | ||
| 003 | OSt | ||
| 005 | 20180116192419.0 | ||
| 008 | 900731s1991 nyua b 001 0 eng | ||
| 010 | _a 90045055 | ||
| 020 | _a0471524832 | ||
| 040 |
_aDLC _cDLC _dDLC |
||
| 050 | 0 | 0 |
_aTA168 _b.R68 1991 |
| 082 | 0 | 0 |
_a620.8/2 _220 |
| 100 | 1 |
_aRouse, William B. _97124 |
|
| 245 | 1 | 0 |
_aDesign for success : _ba human-centered approach to designing successful products and systems / _cWilliam B. Rouse. |
| 260 |
_aNew York : _bWiley, _cc1991. |
||
| 300 |
_axv, 287 p. : _bill. ; _c25 cm. |
||
| 440 | 0 |
_aWiley series in systems engineering _97125 |
|
| 500 | _a"A Wiley-Interscience publication." | ||
| 504 | _aIncludes bibliographical references and indexes. | ||
| 650 | 0 |
_aSystems engineering. _97126 |
|
| 650 | 0 |
_aHuman engineering. _97127 |
|
| 650 | 0 |
_aEngineering design. _97128 |
|
| 856 | 4 | 2 |
_3Publisher description _uhttp://www.loc.gov/catdir/description/wiley032/90045055.html |
| 856 | 4 |
_3Table of Contents _uhttp://www.loc.gov/catdir/toc/onix02/90045055.html |
|
| 906 |
_a7 _bcbc _corignew _d1 _eocip _f19 _gy-gencatlg |
||
| 942 |
_2ddc _cBK |
||
| 999 |
_c353842 _d353842 |
||